| 000 | 00888nam a2200277 a 4500 | ||
|---|---|---|---|
| 001 | 25792 | ||
| 003 | CO-ViMGA | ||
| 008 | 141112s2004 ck r 000 u spa d | ||
| 020 | _a9789586652674 | ||
| 040 |
_aCO-ViMGA _bspa _cCO-ViMGA |
||
| 041 | _aSPA | ||
| 090 | _aN FIT1 | ||
| 100 | 1 |
_aFitzgerald, Francis Scott Key, 1896 - 1940 _939936 |
|
| 245 | 1 | 0 |
_aEl gran Gatsby / _cF. Scott Fitzgerald ; ilustraciones Jonny Ruzzo ; traducción Justo Navarro |
| 250 | _a1a ed. | ||
| 260 |
_aBogotá : _bSexto piso, _c2013 |
||
| 300 | _a168 p. : il. col. | ||
| 490 | _aSexto Piso Ilustrado | ||
| 500 | _aTítulo original : The Geat Gatsby. | ||
| 650 | 1 | 4 |
_aAUTORES ESTADOUNIDENSES _9718 |
| 650 | 1 | 4 |
_aLITERATURA ESTADOUNIDENSE - SIGLO XX _92505 |
| 650 | 1 | 4 |
_aNOVELA ESTADOUNIDENSE - SIGLO XX _92506 |
| 700 | 1 |
_aNavarro, Justo _939937 |
|
| 700 | 1 |
_aRuzzo, Jonny _939938 |
|
| 942 |
_2ddc _cBK |
||
| 999 |
_c5358 _d5358 |
||